000 00365pab a2200157 454500
008 180718b1972 xxu||||| |||| 00| 0 eng d
100 _aSingh, Partap
245 _aMunicipal house tax: A case study in Haryana
260 _c1972
300 _ap.22-27.
362 _aJul-Sep
650 _aProperty tax
773 _aNagarlok
908 _aN
909 _a102661
999 _c102659
_d102659